La melancolía del progreso urbano en dos poetas de Valparaíso
محفوظ في:
| المؤلف الرئيسي: | |
|---|---|
| التنسيق: | كتاب |
| اللغة: | الإسبانية |
| منشور في: |
Valparaíso
Universidad de Valparaíso
2002
|
| سلاسل: | Breviarios de Valparaíso
|
| الموضوعات: | |
| الوسوم: |
إضافة وسم
لا توجد وسوم, كن أول من يضع وسما على هذه التسجيلة!
|
MARC
| LEADER | 00000nam a2200000 a 4500 | ||
|---|---|---|---|
| 001 | UCL0708 | ||
| 003 | CL-VaPUC | ||
| 008 | 030808e20020000CL |||||||||||||||||spa|d | ||
| 082 | 0 | 4 | |a Ch861.9 |b NOR |2 21 |
| 100 | |a Nordenflycht Bresky, Adolfo de |e autor |9 621524 | ||
| 245 | 1 | 3 | |a La melancolía del progreso urbano en dos poetas de Valparaíso |
| 300 | |a 26 p | ||
| 651 | 0 | |a Valparaíso, Chile |9 261144 | |
| 942 | |c BK | ||
| 945 | |d 20030808 00:00:00 |a cmena | ||
| 260 | |a Valparaíso |b Universidad de Valparaíso |c 2002 | ||
| 650 | 0 | |a Poesía chilena |9 268403 | |
| 650 | 0 | |a Crítica literaria |9 269189 | |
| 583 | |a last modification |c 20030808 00:00:00 |k Rodrigo Vera | ||
| 490 | 0 | |a Breviarios de Valparaíso | |
| 999 | |c 304522 |d 304520 | ||
| 952 | |0 0 |1 0 |4 0 |6 CH_861_900000000000000_NOR_2002 |7 0 |8 A |9 366859 |a BIBEDU |b BIBEDU |d 2019-11-21 |i 393134K |o Ch861.9 NOR 2002 |p 393134K |r 2019-11-21 |w 2019-11-21 |y BK |k LIT | ||
| 952 | |0 0 |1 0 |4 0 |6 CH_861_900000000000000_NOR_2002 |7 0 |8 A |9 366860 |a BIBEDU |b BIBEDU |d 2019-11-21 |i 3931358 |o Ch861.9 NOR 2002 |p 3931358 |r 2019-11-21 |w 2019-11-21 |y BK |k LIT | ||